La España tétrica / (Record no. 172503)

MARC details
000 -LEADER
campo de control de longitud fija 01165nam a2200301 i 4500
001 - NÚMERO DE CONTROL
campo de control 172503
003 - IDENTIFICADOR DE NÚMERO DE CONTROL
campo de control ES-MaACL
005 - FECHA Y HORA DE LA ÚLTIMA TRANSACCIÓN
campo de control 20250915185820.0
008 - DATOS DE LONGITUD FIJA--INFORMACIÓN GENERAL
campo de control de longitud fija 090713s1998 sp |||| | spa d
017 ## - NÚMERO DE COPYRIGHT O DE DEPÓSITO LEGAL
Número de copyright o de depósito legal B 37608-1998
020 ## - NÚMERO INTERNACIONAL ESTÁNDAR DEL LIBRO
Número Internacional Estándar del Libro 84-8130-108-6
100 1# - ENTRADA PRINCIPAL--NOMBRE DE PERSONA
Nombre de persona Balzac, Honoré de,
Fechas asociadas al nombre 1799-1850
9 (RLIN) 25139
245 13 - MENCIÓN DEL TÍTULO
Título La España tétrica /
Mención de responsabilidad, etc. Honoré de Balzac ; [traducción, Antonio Redondo Magaña].
260 ## - PUBLICACIÓN, DISTRIBUCIÓN, ETC.
Lugar de publicación, distribución, etc. Madrid :
Nombre del editor, distribuidor, etc. Unidad Editorial,
Fecha de publicación, distribución, etc. [1998]
300 ## - DESCRIPCIÓN FÍSICA
Extensión 95 p. ;
Dimensiones 21cm.
490 1# - MENCIÓN DE SERIE
Mención de serie Biblioteca El Mundo ;
Designación de volumen o secuencia 78.
Mención de serie Las novelas del verano
505 8# - NOTA DE CONTENIDO CON FORMATO
Nota de contenido con formato Contiene dos relatos de la obra "La Comédie Humaine" : Les Marana ; El verdugo
700 1# - ENTRADA AGREGADA--NOMBRE PERSONAL
Nombre de persona Redondo Magaña, Antonio.
9 (RLIN) 141048
740 3# - ENTRADA AGREGADA--TÍTULO RELACIONADO/ANALÍTICO NO CONTROLADO
Título relacionado o analítico no controlado La Comédie Humaine.
740 4# - ENTRADA AGREGADA--TÍTULO RELACIONADO/ANALÍTICO NO CONTROLADO
Título relacionado o analítico no controlado Les Marana.
740 3# - ENTRADA AGREGADA--TÍTULO RELACIONADO/ANALÍTICO NO CONTROLADO
Título relacionado o analítico no controlado El verdugo.
830 0# - PUNTO DE ACCESO ADICIONAL DE SERIE-TÍTULO UNIFORME
Título uniforme Biblioteca El Mundo
Designación de volumen o secuencia 78.
9 (RLIN) 189189
852 ## - LOCALIZACIÓN
Ubicación ES-MaACL
Número de control de estantería E-12821
itemnumber 179170
Sublocalización o colección R.139408
Ubicación en estantería Depósito 2
Donativo/Legado Donación: Biblioteca Jacinto Martínez Lacalle
Encuadernación Encuadernación rústica
942 ## - ELEMENTOS DE ENTRADA SECUNDARIOS (KOHA)
Fuente del sistema de clasificación o colocación Clasificación decimal universal
Tipo de ítem Koha Libro impreso
Suprimir en OPAC No
954 ## - CATALOGADORES
Estado de la copia Helena Reinbold Alonso
Holdings
Estatus retirado Estado de pérdida Estado de daño No para préstamo Biblioteca de origen Biblioteca actual Ubicación en estantería Fecha de adquisición Fuente de adquisición Total de préstamos Signatura topográfica completa Código de barras Visto por última vez Precio de reemplazo Tipo de ítem Koha
        Biblioteca del Ateneo de Madrid Biblioteca del Ateneo de Madrid Depósito 2 13/07/2009     E-12821 1181029 23/02/2023 23/02/2023 Libro impreso